<?xml version="1.0" encoding="UTF-8"?><?xml-stylesheet type="text/xsl" href="static/style.xsl"?><OAI-PMH xmlns="http://www.openarchives.org/OAI/2.0/" xmlns:xsi="http://www.w3.org/2001/XMLSchema-instance" xsi:schemaLocation="http://www.openarchives.org/OAI/2.0/ http://www.openarchives.org/OAI/2.0/OAI-PMH.xsd"><responseDate>2026-06-28T22:25:21Z</responseDate><request verb="GetRecord" identifier="oai:riubu.ubu.es:10259/8037" metadataPrefix="marc">https://riubu.ubu.es/oai/request</request><GetRecord><record><header><identifier>oai:riubu.ubu.es:10259/8037</identifier><datestamp>2023-11-23T11:49:52Z</datestamp><setSpec>com_10259_8005</setSpec><setSpec>com_10259_5086</setSpec><setSpec>com_10259_2604</setSpec><setSpec>col_10259_8006</setSpec></header><metadata><record xmlns="http://www.loc.gov/MARC21/slim" xmlns:doc="http://www.lyncode.com/xoai" xmlns:xsi="http://www.w3.org/2001/XMLSchema-instance" xmlns:dcterms="http://purl.org/dc/terms/" xsi:schemaLocation="http://www.loc.gov/MARC21/slim http://www.loc.gov/standards/marcxml/schema/MARC21slim.xsd">
<leader>00925njm 22002777a 4500</leader>
<datafield tag="042" ind1=" " ind2=" ">
<subfield code="a">dc</subfield>
</datafield>
<datafield tag="720" ind1=" " ind2=" ">
<subfield code="a">Pérez Castaños, Sergio</subfield>
<subfield code="e">author</subfield>
</datafield>
<datafield tag="720" ind1=" " ind2=" ">
<subfield code="a">Antón Merino, Javier</subfield>
<subfield code="e">author</subfield>
</datafield>
<datafield tag="720" ind1=" " ind2=" ">
<subfield code="a">García Santamaría, Sandra</subfield>
<subfield code="e">author</subfield>
</datafield>
<datafield tag="260" ind1=" " ind2=" ">
<subfield code="c">2023</subfield>
</datafield>
<datafield tag="520" ind1=" " ind2=" ">
<subfield code="a">El uso de emociones en la campaña electoral, el papel de los liderazgos en la misma y la presencia de contenido electoral en redes sociales son elementos que van adquiriendo un mayor peso en la ciencia política. Esta nota realiza una propuesta de medición de estos elementos en los materiales de campaña electoral. Así, se presentarán indicadores que cubren todos los planos destacados, tomando como prueba de medición las elecciones autonómicas de Castilla y León celebradas en febrero de 2022. Con ello, se establece cómo las emociones positivas son las más utilizadas por los partidos políticos y cómo la presencia de líderes autonómicos y el uso extensivo de redes sociales ha sido habitual en esta excepcional campaña.</subfield>
</datafield>
<datafield tag="520" ind1=" " ind2=" ">
<subfield code="a">The use of emotions in electoral campaigns, the role of leadership in these campaigns and the presence of electoral content in social networks are relevant elements of Political Science. This work provides a proposal for the measurement of these elements in electoral campaign materials. Indicators covering the highlighted topics will be presented, using the regional elections of Castile and Leon from February 2022 as a measurement test. In this way, it is established that positive emotions are the most frequently used by political parties, and the presence of regional leaders and the extensive use of social networks has been common practice during this exceptional campaign.</subfield>
</datafield>
<datafield tag="024" ind2=" " ind1="8">
<subfield code="a">0210-5233</subfield>
</datafield>
<datafield tag="024" ind2=" " ind1="8">
<subfield code="a">http://hdl.handle.net/10259/8037</subfield>
</datafield>
<datafield tag="024" ind2=" " ind1="8">
<subfield code="a">10.5477/cis/reis.184.125</subfield>
</datafield>
<datafield tag="024" ind2=" " ind1="8">
<subfield code="a">1988-5903</subfield>
</datafield>
<datafield ind1=" " ind2=" " tag="653">
<subfield code="a">Campaña electoral</subfield>
</datafield>
<datafield ind1=" " ind2=" " tag="653">
<subfield code="a">Elecciones autonómicas</subfield>
</datafield>
<datafield ind1=" " ind2=" " tag="653">
<subfield code="a">Emociones</subfield>
</datafield>
<datafield ind1=" " ind2=" " tag="653">
<subfield code="a">Liderazgo</subfield>
</datafield>
<datafield ind1=" " ind2=" " tag="653">
<subfield code="a">Redes sociales</subfield>
</datafield>
<datafield ind1=" " ind2=" " tag="653">
<subfield code="a">Electoral Campaign</subfield>
</datafield>
<datafield ind1=" " ind2=" " tag="653">
<subfield code="a">Regional Elections</subfield>
</datafield>
<datafield ind1=" " ind2=" " tag="653">
<subfield code="a">Emotions</subfield>
</datafield>
<datafield ind1=" " ind2=" " tag="653">
<subfield code="a">Leadership</subfield>
</datafield>
<datafield ind1=" " ind2=" " tag="653">
<subfield code="a">Social Networks</subfield>
</datafield>
<datafield tag="245" ind1="0" ind2="0">
<subfield code="a">Emociones, liderazgo y redes sociales. Propuesta para su medición en materiales de campaña electoral</subfield>
</datafield>
</record></metadata></record></GetRecord></OAI-PMH>